Geography Quiz

Random Geography or State Quiz

States & Federal Territories of Malaysia Quiz Stats

 Plays Quiz not verified by Sporcle

Score 0/16 Timer 03:00
0 Plays Today
Abbreviation State or Federal Territory % Correct
JHRJohor
96.5%
KULKuala Lumpur
96.1%
SWKSarawak
95.7%
PNGPenang
93.5%
SBHSabah
93%
MLKMalacca
90.9%
PJYPutrajaya
88.3%
SGRSelangor
87.4%
Abbreviation State or Federal Territory % Correct
PRKPerak
87%
TRGTerengganu
85.2%
KDHKedah
83.9%
PLSPerlis
81.7%
PHGPahang
78.7%
LBNLabuan
73.9%
KTNKelantan
72.6%
NSNNegeri Sembilan
70.4%

You're not logged in!

Compare scores with friends on all Sporcle quizzes.
OR
Log In

Show Comments

Extras

Top Quizzes Today


Score Distribution

Your Account Isn't Verified!

In order to create a playlist on Sporcle, you need to verify the email address you used during registration. Go to your Sporcle Settings to finish the process.

Report this User

Report this user for behavior that violates our Community Guidelines.

Details: